Mistrzowie świata w piłce nożnej - nagła śmierć - Statystyki

Ogólne statystyki
  • Ten quiz został rozwiązany 638 razy
  • Średni wynik to 7 z 8
Answers on the Grid
Answers color-coded by a green-red scale on the quiz's grid according to % correct below.
Urugwaj
Włochy
Brazylia
Niemcy
Anglia
Argentyna
Francja
Hiszpania
Holandia
Węgry
Czechosłowacja
Austria
Meksyk
Stany Zjednoczone
Polska
Szwecja
 
Statystyki odpowiedzi
Odpowiedź % Poprawnych
Brazylia
91%
Hiszpania
89%
Włochy
88%
Argentyna
87%
Niemcy
87%
Francja
86%
Urugwaj
81%
Anglia
79%
Nie znaleziono quizów pasujących do podanych kryteriów
Rozkład punktacji
Procent ludzi z każdym wynikiem
Percentyl według liczby udzielonych odpowiedzi
Twoja historia wyników
Nie rozwiązałeś tego quizu